trouve le nom des films grâce au indice - Statistiques

Statistiques générales
  • Ce quiz a été pris 659 fois
  • Le résultat moyen est 9 sur 24
Statistiques - réponses
Hint Réponse % Correct
griffons d'or serpentard Harry potter
90%
des hommes bleu Avatar
78%
voyage temporelle retour vers le futur
77%
cours forrest cours Forrest Gump
70%
dinosaure Jurassic Park
63%
l'ésquivement de balle de neo Matrix
63%
la ou Jack Nicholson est plus singler que d'habitude Shining
52%
THIS IS SPARTA 300
50%
je vole Titanic
50%
PLEIN de piège et c'est un film d'horreur Saw
44%
robot tueur Terminator
40%
Tony Mantana l'incarnateur du respect Scarface
39%
chasseur de fantôme Ghostbusters
36%
mon prècieux Seigneur des anneaux
34%
tu es mort dans une douche Psychose
32%
mission suicide Suicide Squad
29%
cannibalisme Le silence des agneaux
25%
COMBAT Fight club
22%
pouppées tueuse Chuky
20%
toi connaître film ce premier de saga sa la Guerre des étoiles
13%
poulpe Pulp fiction
7%
dr denfer Austin powers
5%
un film avec un tueur obsédé par les couteaux Scary Movies
1%
un film culte pour sa nulitude batman & robin
0%
Aucun quiz correspondant
Distribution des résultats
% des personnes avec chaque résultat
Percentile par nombre de réponses
Votre historique - résultats
Vous n’avez pas pris ce quiz